Footballeurs par lettre K - Statistiques

Statistiques générales
  • Ce quiz a été pris 139 fois
  • Le résultat moyen est 12 sur 18
Statistiques - réponses
Par images Réponse % Correct
Kaka
98%
Kane
98%
Kante
98%
Klose
95%
Kimmich
94%
Kovacic
89%
Kluivert
84%
Kessie
77%
Karius
74%
keita
69%
Kalimuendo
66%
Kjaer
58%
Kudus
53%
Kalou
48%
Koopmeiners
43%
Kennedy
14%
Kempes
11%
Kinkladze
2%
Aucun quiz correspondant
Distribution des résultats
% des personnes avec chaque résultat
Percentile par nombre de réponses
Votre historique - résultats
Vous n’avez pas pris ce quiz